A battle for the soul of Islam : an American Muslim patriot's fight to save his faith / (Record no. 71410)

000 -LEADER
fixed length control field 01778cam a2200337 a 4500
001 - CONTROL NUMBER
control field 17049022
003 - CONTROL NUMBER IDENTIFIER
control field NUST - PNEC
005 - DATE AND TIME OF LATEST TRANSACTION
control field 20170116181200.0
008 - FIXED-LENGTH DATA ELEMENTS--GENERAL INFORMATION
fixed length control field 111117s2012 nyu 000 0deng
010 ## - LIBRARY OF CONGRESS CONTROL NUMBER
LC control number 2011047714
020 ## - INTERNATIONAL STANDARD BOOK NUMBER
International Standard Book Number 9781451657944
040 ## - CATALOGING SOURCE
Original cataloging agency DLC
Transcribing agency LIBRARY
043 ## - GEOGRAPHIC AREA CODE
Geographic area code n-us---
050 00 - LIBRARY OF CONGRESS CALL NUMBER
Classification number BP161.3
Item number .J37 2012
082 00 - DEWEY DECIMAL CLASSIFICATION NUMBER
Classification number 305.6970973 JAS
Edition number 23
100 1# - MAIN ENTRY--PERSONAL NAME
Personal name Jasser, M. Zuhdi,
Dates associated with a name 1967-
245 12 - TITLE STATEMENT
Title A battle for the soul of Islam : an American Muslim patriot's fight to save his faith /
Statement of responsibility, etc. M. Zuhdi Jasser.
250 ## - EDITION STATEMENT
Edition statement 1st Threshold Editions hardcover ed.
260 ## - PUBLICATION, DISTRIBUTION, ETC.
Place of publication, distribution, etc. New York [N.Y.] :
Name of publisher, distributor, etc. Threshold Editions,
Date of publication, distribution, etc. 2012.
300 ## - PHYSICAL DESCRIPTION
Extent viii, 294 p. ;
Dimensions 25 cm.
505 0# - FORMATTED CONTENTS NOTE
Formatted contents note Muslim in America. American patriots from Syria -- Two Islams -- A Muslim in the U.S. Navy -- Islam in my life -- America and Islam after 9/11. Changing the paradigm -- Arab responses to 9/11 -- American responses to Fort Hood -- The threat of homegrown Islamic radicalism -- Engaging Congressman Ellison and the Islamists -- Islam and Islamism today. Defeating political Islam -- How the Qur'an is misinterpreted -- An Islam compatible with American principles -- Epilogue: a letter to my children.
600 10 - SUBJECT ADDED ENTRY--PERSONAL NAME
Personal name Jasser, M. Zuhdi,
Dates associated with a name 1967-
650 #0 - SUBJECT ADDED ENTRY--TOPICAL TERM
Topical term or geographic name entry element Islam
Chronological subdivision 21st century.
650 #0 - SUBJECT ADDED ENTRY--TOPICAL TERM
Topical term or geographic name entry element Islamic fundamentalism.
650 #0 - SUBJECT ADDED ENTRY--TOPICAL TERM
Topical term or geographic name entry element Islam
Geographic subdivision United States.
650 #0 - SUBJECT ADDED ENTRY--TOPICAL TERM
Topical term or geographic name entry element Syrian Americans
Form subdivision Biography.
856 ## - ELECTRONIC LOCATION AND ACCESS
Uniform Resource Identifier <a href="http://www.amazon.com/Battle-Soul-Islam-American-Patriots/dp/1451657943/ref=sr_1_1?s=books&ie=UTF8&qid=1454930378&sr=1-1&keywords=9781451657944">http://www.amazon.com/Battle-Soul-Islam-American-Patriots/dp/1451657943/ref=sr_1_1?s=books&ie=UTF8&qid=1454930378&sr=1-1&keywords=9781451657944</a>
906 ## - LOCAL DATA ELEMENT F, LDF (RLIN)
a 7
b cbc
c orignew
d 1
e ecip
f 20
g y-gencatlg
942 ## - ADDED ENTRY ELEMENTS (KOHA)
Source of classification or shelving scheme
Koha item type Book
Holdings
Withdrawn status Lost status Source of classification or shelving scheme Materials specified (bound volume or other part) Damaged status Not for loan Permanent Location Current Location Shelving location Date acquired Source of acquisition Cost, normal purchase price Total Checkouts Full call number Barcode Date last seen Price effective from Koha item type
      Hardbound     Pakistan Navy Engineering College (PNEC) Pakistan Navy Engineering College (PNEC)   12/07/2015 Capital Book Company / Ref Grant 2567.24   305.6970973 JAS PNECLIB-032508 02/08/2016 12/07/2015 Book
© 2023 Central Library, National University of Sciences and Technology. All Rights Reserved.